<?xml version="1.0" encoding="UTF-8"?>
<collection xmlns="http://www.loc.gov/MARC21/slim">
    <record>
        <controlfield tag="001">59065</controlfield>
        <controlfield tag="005">20170127103257.0</controlfield>
        <datafield tag="037" ind1=" " ind2=" ">
            <subfield code="a">TAZ-TFG-2016-3278</subfield>
        </datafield>
        <datafield tag="041" ind1=" " ind2=" ">
            <subfield code="a">spa</subfield>
        </datafield>
        <datafield tag="100" ind1="1" ind2=" ">
            <subfield code="a">Moreno Gracia, Blanca</subfield>
        </datafield>
        <datafield tag="242" ind1="0" ind2="0">
            <subfield code="a">Study of the reducing capacity of natural antioxidants in media models</subfield>
        </datafield>
        <datafield tag="245" ind1="0" ind2="0">
            <subfield code="a">Estudio de la capacidad reductora de antioxidantes naturales en medios modelo</subfield>
        </datafield>
        <datafield tag="260" ind1=" " ind2=" ">
            <subfield code="a">Zaragoza</subfield>
            <subfield code="b">Universidad de Zaragoza</subfield>
            <subfield code="c">2016</subfield>
        </datafield>
        <datafield tag="506" ind1=" " ind2=" ">
            <subfield code="a">by-nc-sa</subfield>
            <subfield code="b">Creative Commons</subfield>
            <subfield code="c">3.0</subfield>
            <subfield code="u">http://creativecommons.org/licenses/by-nc-sa/3.0/</subfield>
        </datafield>
        <datafield tag="520" ind1=" " ind2=" ">
            <subfield code="a">La comprensión de la base química de la reducción del vino despierta interés por su implicación en el desarrollo de importantes defectos sensoriales. Desde hace tiempo se conoce que cuando los vinos se almacenan en condiciones anóxicas, su potencial redox disminuye. Las causas de este fenómeno no se conocen, en parte por la dificultad asociada a la medición del potencial redox y por el escepticismo que su medida despierta. Dicha disminución implicaría que algunas especies presentes en el vino se oxiden de manera espontánea donando electrones al medio, quedando enriquecido en las formas reducidas de los pares redox presentes. La hipótesis de partida es que los polifenoles del vino podrían ser dichas especies donoras de electrones. Este trabajo busca determinar el efecto de diversos parámetros de composición, la relación Fe(III)/Fe(II) sobre el potencial redox de vinos modelo medido con un electrodo de Pt y ver cómo afecta al proceso de reducción espontánea la presencia de determinados polifenoles.  Se ha desarrollado un riguroso procedimiento para la medición del potencial redox en condiciones de anoxia estricta que se ha aplicado a disoluciones conteniendo cantidades prefijadas de Fe(III) y Fe(II) y distintos contenidos de acomplejantes potenciales o de alcohol. Además, se ha implementado un método espectrofotométrico para determinar la proporción de Fe(III) presente en un vino blanco. Posteriormente, se ha empleado un vino modelo de composición específica para estudiar la reducción espontánea del Fe(III) en presencia o no de polifenoles.  Los resultados muestran la medida del potencial redox permitiendo seguir fielmente la evolución de la relación Fe(III)/Fe(II) de un vino sintético de composición determinada; el potencial redox asociado a una relación específica Fe(III)/Fe(II) influenciado por numerosos parámetros composicionales y que la reducción espontánea del Fe(III) tiene lugar incluso en ausencia de polifenoles. De hecho, algunos de ellos, parecen dificultarla.</subfield>
        </datafield>
        <datafield tag="521" ind1=" " ind2=" ">
            <subfield code="a">Graduado en Química</subfield>
        </datafield>
        <datafield tag="540" ind1=" " ind2=" ">
            <subfield code="a">Derechos regulados por licencia Creative Commons</subfield>
        </datafield>
        <datafield tag="700" ind1=" " ind2=" ">
            <subfield code="a">Ferreira González, Vicente</subfield>
            <subfield code="e">dir.</subfield>
        </datafield>
        <datafield tag="710" ind1="2" ind2=" ">
            <subfield code="a">Universidad de Zaragoza</subfield>
            <subfield code="b">Química Analítica</subfield>
            <subfield code="c">Química Analítica</subfield>
        </datafield>
        <datafield tag="856" ind1="0" ind2=" ">
            <subfield code="f">627662@celes.unizar.es</subfield>
        </datafield>
        <datafield tag="856" ind1="4" ind2=" ">
            <subfield code="s">1791633</subfield>
            <subfield code="u">http://zaguan.unizar.es/record/59065/files/TAZ-TFG-2016-3278.pdf</subfield>
            <subfield code="y">Memoria (spa)</subfield>
        </datafield>
        <datafield tag="909" ind1="C" ind2="O">
            <subfield code="o">oai:zaguan.unizar.es:59065</subfield>
            <subfield code="p">driver</subfield>
            <subfield code="p">trabajos-fin-grado</subfield>
        </datafield>
        <datafield tag="950" ind1=" " ind2=" ">
            <subfield code="a"></subfield>
        </datafield>
        <datafield tag="951" ind1=" " ind2=" ">
            <subfield code="a">deposita:2017-01-26</subfield>
        </datafield>
        <datafield tag="980" ind1=" " ind2=" ">
            <subfield code="a">TAZ</subfield>
            <subfield code="b">TFG</subfield>
            <subfield code="c">CIEN</subfield>
        </datafield>
    </record>

    
</collection>